| 000 | 01032nam a2200277 a 4500 | ||
|---|---|---|---|
| 001 | 20399 | ||
| 003 | BD-RjUL | ||
| 005 | 20211209000548.0 | ||
| 008 | 140227r19531912enka a 001 1 eng d | ||
| 035 | _a(BD-RjUL)20461 | ||
| 035 | _a(OCoLC)352265 | ||
| 040 |
_aDLC _cWSU _dSER _dm.c _dOCL _dEQO _dBD-RjUL _beng |
||
| 041 | _aeng | ||
| 082 | 0 | 4 |
_a821.4 _bDOP 1953 |
| 100 | 1 |
_aDonne, John, _d1572-1631. _962902 |
|
| 245 | 1 | 4 |
_aThe poems of John Donne / _cedited from the old editions and numerous manuscripts with introductions & commentary by Herbert J.C. Grierson / |
| 260 |
_aOxford : _bClarendon Press, _c1912 [reprinted 1953]. |
||
| 300 |
_axxiv, 474 p. : _bill.; _c22 cm. |
||
| 500 | _aIncludes index. | ||
| 505 | _aVol. 1 The text of the poems with appendixes -- Vol. 2 Introduction and commentary -- | ||
| 600 | 1 | 0 |
_aDonne, John, _d1572-1631 _xCriticism and interpretation. _9186245 |
| 700 | 1 |
_aGrierson, Herbert John Clifford, _cSir, _d1866-1960. _955128 |
|
| 942 |
_2ddc _cBK |
||
| 999 |
_c20399 _d20399 |
||